00371nam a22000977a 450000500170000010000790001724501050009626000270020130000090022870000360023720260629145753.0 aMuhammad Waseem a21-MSCS-10aSupervisor - Prof.Dr. Muhammad Saleem Vighio aAnalysis the Impact of Physical Activity on Reducing Obesity Through Gamified Mobile App (Thesis MS) aNawabshahbQUESTc2025 a96p. aDepartment of Computer Science